| 000 | 00599nam a2200229Ia 4500 | ||
|---|---|---|---|
| 001 | 1042 | ||
| 003 | GE_BSU | ||
| 008 | 181216s||||||||xx |||||||||||||| ||und|| | ||
| 020 | _a5769509753 | ||
| 040 | _cGE_BSU | ||
| 080 | _a374.7(075.8) | ||
| 245 | _aОсновы андрагогики | ||
| 245 | _bДля студ. высш.уч. завед. | ||
| 245 | _cПод ред. И.А.Колесниковой | ||
| 260 | _aМосква | ||
| 260 | _bАкадемия | ||
| 260 | _c2003 | ||
| 300 | _a240стр. | ||
| 541 | _h8л. | ||
| 653 | _aОсновы андрагогики | ||
| 942 | _cBK | ||
| 999 |
_c35196 _d35196 |
||